Dos piezas interesantes del yacimiento alavés de Kûtzemendi, Olarizu, Vitoria / J. Maluquer de Motes
Descripción Física:
8 p. ; 24cm
Materias:
Arqueologia -- Espanya
MARC
| LEADER | 00000nam a2200000Ia 4500 | ||
|---|---|---|---|
| 001 | 17339 | ||
| 008 | 160829s1956 xx 000 0 cat d | ||
| 080 | |a FU-47-21 | ||
| 100 | 1 | |a Maluquer de Motes, Joan, |d 1915-1988 |9 30020 | |
| 245 | |a Dos piezas interesantes del yacimiento alavés de Kûtzemendi, Olarizu, Vitoria / J. Maluquer de Motes | ||
| 260 | |a San Sebastian : |b Museo de San Telmo, |c 1956 | ||
| 300 | |a 8 p. ; |c 24cm | ||
| 590 | |a Separata del Volumen-Homenaje a Joaquín Mendizabal Gortazar. Grupo de ciencias naturales Aranzadi. Real Sociedad Vascongada de Amigos del País. | ||
| 590 | |a Prové de R.168 del currículum per la plaça de conservador del Museu Arqueològic, 1957 | ||
| 650 | |a Arqueologia |x Espanya |9 46624 | ||
| 856 | 4 | |u https://media.diba.cat/diba/fitxers/arxiu/fulletons/bib_17339_baixa.pdf |y Accés lliure | |
| 856 | 4 | |u https://media.diba.cat/diba/fitxers/arxiu/fulletons/bib_17339_baixa.pdf |y Accés lliure | |
| 901 | |a Arxiu | ||
| 942 | |n 1 |2 udc | ||
| 952 | |0 0 |1 0 |4 0 |6 FU4721 |7 1 |9 53328 |a Arxiu |b Arxiu |d 2016-12-01 |l 0 |o FU-47-21 |p 17339 |r 2016-12-01 00:00:00 |w 2016-12-01 |y ARXIU | ||
| 999 | |c 57193 |d 57193 | ||
| 900 | |a bib_17339_baixa.pdf | ||